Teach Like a Champion : (Record no. 14327)
[ view plain ]
| 000 -LEADER | |
|---|---|
| fixed length control field | 01276cam a22003018a 4500 |
| 001 - CONTROL NUMBER | |
| control field | 15993399 |
| 005 - DATE AND TIME OF LATEST TRANSACTION | |
| control field | 20100521131246.0 |
| 008 - FIXED-LENGTH DATA ELEMENTS--GENERAL INFORMATION | |
| fixed length control field | 091123s2010 cau | 001 0 eng d |
| 010 ## - LIBRARY OF CONGRESS CONTROL NUMBER | |
| LC control number | 2009049498 |
| 020 ## - INTERNATIONAL STANDARD BOOK NUMBER | |
| International Standard Book Number | 9780470550472 (paper/dvd) |
| 040 ## - CATALOGING SOURCE | |
| Original cataloging agency | DLC |
| Transcribing agency | DLC |
| 050 00 - LIBRARY OF CONGRESS CALL NUMBER | |
| Classification number | LB1025.3 |
| Item number | .L48 2010 |
| 082 00 - DEWEY DECIMAL CLASSIFICATION NUMBER | |
| Classification number | 371.3 |
| Edition number | 22 |
| Item number | LEM |
| 100 1# - MAIN ENTRY--PERSONAL NAME | |
| Personal name | Lemov, Doug, |
| Dates associated with a name | 1967- |
| 9 (RLIN) | 15651 |
| 245 10 - TITLE STATEMENT | |
| Title | Teach Like a Champion : |
| Remainder of title | 49 Techniques that Put Students on the Path to College / |
| Statement of responsibility, etc | Doug Lemov ; foreword by Norman Atkins Jossey-Bass. |
| 250 ## - EDITION STATEMENT | |
| Edition statement | 1st ed. |
| 260 ## - PUBLICATION, DISTRIBUTION, ETC. (IMPRINT) | |
| Place of publication, distribution, etc | San Francisco : |
| Name of publisher, distributor, etc | Jossey-Bass, |
| Date of publication, distribution, etc | c2010. |
| 263 ## - PROJECTED PUBLICATION DATE | |
| Projected publication date | 1004 |
| 300 3# - PHYSICAL DESCRIPTION | |
| Extent | 332 p. ; |
| Dimensions | 24 cm. |
| 500 ## - GENERAL NOTE | |
| General note | Includes index. |
| 541 ## - IMMEDIATE SOURCE OF ACQUISITION NOTE | |
| Source of acquisition | Bacca ; |
| 650 #0 - SUBJECT ADDED ENTRY--TOPICAL TERM | |
| Topical term or geographic name as entry element | Effective teaching. |
| 9 (RLIN) | 15652 |
| 650 #0 - SUBJECT ADDED ENTRY--TOPICAL TERM | |
| Topical term or geographic name as entry element | Academic achievement. |
| 9 (RLIN) | 15653 |
| 650 #0 - SUBJECT ADDED ENTRY--TOPICAL TERM | |
| Topical term or geographic name as entry element | College preparation programs. |
| 9 (RLIN) | 15654 |
| 942 ## - ADDED ENTRY ELEMENTS (KOHA) | |
| Source of classification or shelving scheme | Dewey Decimal Classification |
| Item type | Book - Borrowing |
| Withdrawn status | Item status | Source of classification or shelving scheme | Materials specified (bound volume or other part) | Damaged status | Not for loan | Vendor | Home library | Current library | Shelving location | Date acquired | Source of acquisition | Cost, normal purchase price | Serial Enumeration / chronology | Total Checkouts | Total Renewals | Full call number | Barcode | Date last seen | Date last borrowed | Koha item type |
|---|---|---|---|---|---|---|---|---|---|---|---|---|---|---|---|---|---|---|---|---|
| Dewey Decimal Classification | Lost_In_Inventory_11-6-2024 | Baccah | Central Library | Central Library | First floor | 01/07/2010 | 160.00 | 10487 | 3 | 22 | 371.3 LEM | 000021144 | 15/07/2025 | 28/09/2013 | Book - Borrowing |